Ligue 1 Winter Transfers 25/26 - Statistics

General Stats
  • This quiz has been taken 19 times
  • The average score is 11 of 18
Answer Stats
From To Fee Nation Answer % Correct
Barcelona PSG 8M Spain Dro Fernandez
87%
Real Madrid Lyon LOAN Brazil Endrick
87%
Feyenoord Marseille 4M Netherlands Quinten Timber
80%
Arsenal Marseille LOAN+1M England Ethan Nwaneri
73%
Frankfurt Nice LOAN+1M France Elye Wahi
67%
Chelsea Strasbourg LOAN Ivory Coast David Fofana
60%
Fenerbahce Stade Rennais 9M Poland Sebastian Szymanski
60%
Sunderland Monaco LOAN+1M Ivory Coast Simon Adingra
60%
Leipzig Lens 2M Mali Amadou Haidara
53%
Bologna Paris FC FREE Bologna Ciro Immobile
53%
Olympiacos Lyon LOAN+1M Ukraine Roman Yaremchuk
53%
Union SG Le Havre FREE Morocco Sofiane Boufal
53%
Chelsea Strasbourg LOAN Argentina Aaron Anselmino
47%
America Lens FREE France Allan Saint-Maximin
47%
Wolves Paris FC LOAN Zimbabwe Marshall Munesti
47%
Bournemouth Auxerre LOAN France Romain Faivre
47%
Sunderland Lens LOAN DR Congo Arthur Masuaku
40%
Olympiacos Nantes LOAN France Remy Cabella
40%
No matching quizzes found
Score Distribution
Percent of People with Each Score
Percentile by Number Answered
Your Score History
You have not taken this quiz